000 00867cam a2200265 4500
008 090401t1996 xxu||||| |||| 00| 0 eng d
020 _a0727725475
035 _a(Sirsi) u56422
041 _aeng
050 _a692.8
110 _aConstruction Industry Board
_92991
245 _aTomorrow`s team: women and men in construction: a report by Working Group 8 of the Construction Industry Board.
260 _aLondon
_bThomas Telford Publishing
_c1996
300 _a72p. ; 30cm.
350 _a20
490 _aWorking Group
_v8
520 _aCIB was set up under the chairmanship of Sir Michael Latham to implement the recommendations of the Latham Report Constructing the Team.
650 _aCONSTRUCTION INDUSTRY
650 _aWG8
650 _aWOMEN
650 _aWORKING GROUP 8
690 _aBUILT ENVIRONMENT
942 _n0
948 _c04/03/1997
999 _c93790
_d93790